书目信息 |
| 题名: |
电子电路基础
|
|
| 作者: | 陈利永 编著 | |
| 分册: | ||
| 出版信息: | 北京 中国铁道出版社 2006.08 |
|
| 页数: | 326页 | |
| 开本: | 26cm | |
| 丛书名: | ||
| 单 册: | ||
| 中图分类: | TN710 | |
| 科图分类: | ||
| 主题词: | 电子电路--dian zi dian lu--高等学校--教材 | |
| 电子资源: | ||
| ISBN: | 7-113-07329-8 | |
| 000 | 00853nam0 2200241 450 | |
| 001 | 012007495890 | |
| 005 | 20071010101520.64 | |
| 010 | @a7-113-07329-8@dCNY28.00 | |
| 100 | @a20070524d2006 km y0chiy0120 ea | |
| 101 | 0 | @achi |
| 102 | @aCN@b110000 | |
| 105 | @aa a 000yy | |
| 200 | 1 | @a电子电路基础@Adian zi dian lu ji chu@f陈利永编著@Fchen li yong bian zhu |
| 210 | @a北京@c中国铁道出版社@d2006.08 | |
| 215 | @a326页@c图@d26cm | |
| 320 | @a有书目。 | |
| 330 | @a本书将《电路分析》与《模拟电子技术基础》两门课程的内容有机整合起来,其主要内容有:电路分析基础、正弦稳态电路的分析、半导体二极管及其应用、负反馈放大器、直流稳压电器等。 | |
| 333 | @a高等院校电子信息类规划教材 | |
| 606 | 0 | @a电子电路@Adian zi dian lu@x高等学校@j教材 |
| 690 | @aTN710@v4 | |
| 701 | 0 | @a陈利永@Achen li yong@4编著 |
| 801 | 0 | @aCN@c20071010 |
| 905 | @dTN710@eC508 | |
| 电子电路基础/陈利永编著.-北京:中国铁道出版社,2006.08 |
| 326页:图;26cm |
| 使用对象:高等院校电子信息类规划教材 |
| ISBN 7-113-07329-8:CNY28.00 |
| 本书将《电路分析》与《模拟电子技术基础》两门课程的内容有机整合起来,其主要内容有:电路分析基础、正弦稳态电路的分析、半导体二极管及其应用、负反馈放大器、直流稳压电器等。 |
| ● |
| 相关链接 |
|
|
|
正题名:电子电路基础
索取号:TN710/C508
 
预约/预借
| 序号 | 登录号 | 条形码 | 馆藏地/架位号 | 状态 | 备注 |
| 1 | 243197 | 202431975 | 自科二线404/404自科库 11排4列1层/ [索取号:TN710/C508] | 在馆 | |
| 2 | 243198 | 202431984 | 自科库301/301自科库 29排4列5层/ [索取号:TN710/C508] | 在馆 | |
| 3 | 243199 | 202431993 | 自科库301/301自科库 29排4列5层/ [索取号:TN710/C508] | 在馆 |